La enseñanza de las matemáticas en el contexto de las ocupaciones
Gespeichert in:
| 1. Verfasser: | |
|---|---|
| Format: | Buch |
| Sprache: | Spanisch |
| Veröffentlicht: |
Santiago
CIDE
1977
|
| Schriftenreihe: | Documentos de Trabajo
|
| Schlagworte: | |
| Tags: |
Tag hinzufügen
Keine Tags, Fügen Sie den ersten Tag hinzu!
|
MARC
| LEADER | 00000nam a2200000 a 4500 | ||
|---|---|---|---|
| 001 | UCW7442 | ||
| 003 | CL-VaPUC | ||
| 008 | 921214e19770000CL |||||||||||||||||spa|d | ||
| 082 | 0 | 4 | |a 372.7 |b ACE |2 21 |
| 100 | 0 | |a Acevedo, Rolando |e author |9 312585 | |
| 245 | 1 | 3 | |a La enseñanza de las matemáticas en el contexto de las ocupaciones |
| 300 | |a 42 p | ||
| 942 | |c BK | ||
| 945 | |d 19921214 00:00:00 | ||
| 260 | |a Santiago |b CIDE |c 1977 | ||
| 650 | 0 | |a Matemáticas |x Enseñanza |9 875527 | |
| 583 | |a last modification |c 19921214 00:00:00 |k Rodrigo Vera | ||
| 490 | 0 | |a Documentos de Trabajo | |
| 999 | |c 220192 |d 220190 | ||
| 952 | |0 0 |1 0 |4 0 |6 372_700000000000000_ACE_1977 |7 0 |8 P |9 212102 |a BIBEDU |b BIBEDU |c BIBEDU_PB |d 2019-11-15 |i 280350K |o 372.7 ACE 1977 |p 280350K |r 2024-01-25 |w 2019-11-15 |y BK |k EDU | ||
| 952 | |0 0 |1 0 |4 0 |6 372_700000000000000_ACE_1977 |7 0 |8 P |9 212103 |a BIBEDU |b BIBEDU |c BIBEDU_PB |d 2019-11-15 |i 2803518 |o 372.7 ACE 1977 |p 2803518 |r 2024-01-25 |w 2019-11-15 |y BK |k EDU | ||